书目信息 |
| 题名: |
爆笑成语
|
|
| 作者: | 红龙 著 | |
| 分册: | ||
| 出版信息: | 南昌 江西美术出版社 2018.03 |
|
| 页数: | 315页 | |
| 开本: | 25cm | |
| 丛书名: | ||
| 单 册: | ||
| 中图分类: | H136.31-49 | |
| 科图分类: | ||
| 主题词: | 汉语--成语--故事--儿童读物 | |
| 电子资源: | ||
| ISBN: | 978-7-5480-5828-1 | |
| 000 | 00879nam0 2200229 450 | |
| 001 | 5451 | |
| 005 | 20181016084637.67 | |
| 010 | @a978-7-5480-5828-1@dCNY55.00 | |
| 100 | @a20171218d2018 em y0chiy0110 ea | |
| 101 | 0 | @achi |
| 102 | @aCN@b360000 | |
| 105 | @ay z 000yy | |
| 200 | 1 | @a爆笑成语@9bao xiao cheng yu@e看漫画学成语@f红龙著 |
| 210 | @a南昌@c江西美术出版社@d2018.03 | |
| 215 | @a315页@d25cm | |
| 330 | @a我们根据小学教材的教学内容,挑选经典的成语典故,用原创的小故事呈现成语的实际应用。故事内容搞笑,成语典故来源讲解幽默,让孩子们在轻松搞笑的过程中,掌握各成语的含义、出处、本意、引申义,每个成语还有一些近义词、反义词,以及造句实例讲解。 | |
| 517 | 1 | @a看漫画学成语@Akan man hua xue cheng yu |
| 606 | 0 | @a汉语@x成语@x故事@x儿童读物 |
| 690 | @aH136.31-49@v5 | |
| 701 | 0 | @a红龙@9hong long@4著 |
| 801 | 0 | @aCN@b91CIP@c20171218 |
| 905 | @aMuseLib@dH136.31-49@e374 | |
| 爆笑成语:看漫画学成语/红龙著.-南昌:江西美术出版社,2018.03 |
| 315页;25cm |
| ISBN 978-7-5480-5828-1:CNY55.00 |
| 我们根据小学教材的教学内容,挑选经典的成语典故,用原创的小故事呈现成语的实际应用。故事内容搞笑,成语典故来源讲解幽默,让孩子们在轻松搞笑的过程中,掌握各成语的含义、出处、本意、引申义,每个成语还有一些近义词、反义词,以及造句实例讲解。 |
| ● |
| 相关链接 |
|
|
|
|
正题名:爆笑成语
索取号:H136.31-49/374
 
预约/预借
| 序号 | 登录号 | 条形码 | 馆藏地/架位号 | 状态 | 备注 |
| 1 | 1129770 | 211297700 | 第二样本阅览室/ [索取号:H136.31-49/374] | 在馆 | |
| 2 | 1129771 | 211297719 | 第四借阅区/ [索取号:H136.31-49/374] | 在馆 | |
| 3 | 1129772 | 211297728 | 第四借阅区/ [索取号:H136.31-49/374] | 在馆 | |
| 4 | 1129773 | 211297737 | 第四借阅区/ [索取号:H136.31-49/374] | 在馆 | |
| 5 | 1129774 | 211297746 | 第四借阅区/ [索取号:H136.31-49/374] | 在馆 |